000 00904nam a2200253 a 4500
001 000045686
003 DO-SdBNP
005 20230117080714.0
007 ta
008 150427s2011 dr a 000 0 spa d
020 _a9789945878929
040 _aDO-SdBNP
_bspa
_cBNPHU
082 4 _bV665r
_222
100 1 _aVíctor, Amy
_973744
245 1 0 _aRecreos divertidos :
_bjugar para la convivencia escolar, deporte, juegos y valores /
_cAmy Víctor, Berenice Pacheco ; coordinación y edición Analia Rosoli Murillo.
260 _aSanto Domingo :
_bOEI,
_c2011
300 _a[32] p. :
_bil. ;
_c23 cm.
590 _aInventariado 2023 / MF
700 1 2 _aPacheco, Berenice
_973745
700 1 2 _aRosoli Murillo, Analia,
_eed..
_963655
710 2 _aOrganización de Estados Iberoamericanos para la Educación, la Ciencia y la Cultura (República Dominicana)
_929137
910 _aMFeliz
942 _2ddc
_cLF2
999 _c45175
_d45175